• 首页
  • 本馆介绍
  • 公告通知
  • 最新文献
  • 馆藏检索
  • 电子资源
  • 读者导购
  • 参考咨询
  • 我的图书馆
  • 登录
  • 详细信息显示
  • 放入我的书架
  • 预约/预借图书
  • 作者相关作品
  • 分类相关作品
  • 丛书相关作品
  • 出版社相关作品

书目信息

  • 表格格式
  • 工作单格式
  • 卡片格式
题名:
乍得共和国
    
 
作者: 史陵山 译
分册:  
出版信息: 北京   商务印书馆  1973.09
页数: 77页
开本: 20cm
丛书名:
单 册:
中图分类: K461
科图分类:
主题词: 中非--历史
电子资源:
ISBN:
000 00622nam0 2200229 45
001 0212201022
005 20031219104102.4
010    @dCNY0.27
091    @a11017.315
100    @a20021220d1973 km y0chiy0120 ea
101 0  @achi
105    @aab z 000yy
200 1  @a乍得共和国@AZha De Gong He Guo@f史陵山译@FShi Ling Shan Yi
210    @a北京@c商务印书馆@d1973.09
215    @a77页@c照片,地图@d20cm
300    @a内部参考读物
300    @a本书译自法国拉鲁斯非洲和马尔加什小百科全书
606 0  @a中非@x历史
690    @aK461@v3
701  0 @a史陵山@4译
801    @aCN@bTSTC@c20021220
905    @f1@b219192@dK461@e3
    
    乍得共和国/史陵山译.-北京:商务印书馆,1973.09
    77页:照片,地图;20cm
    内部参考读物.-本书译自法国拉鲁斯非洲和马尔加什小百科全书
    
    ISBN :CNY0.27
    
●
相关链接 在E读中查询图书 在五车中查询图书 在当当中查询图书 在豆瓣中查询图书


正题名:乍得共和国     索取号:K461/3         预约/预借

序号 登录号 条形码 馆藏地/架位号 状态 备注
1 0219192   001739131   第二样本阅览室/ [索取号:K461/3] 在馆    
唐山师范学院图书馆 欢迎您!
大连网信软件有限公司© 版权所有